| 000 | 01752nam0a2200361 i 4500 | ||
|---|---|---|---|
| 001 | RU\NLR\BIBL_A\011211664 | ||
| 005 | 20260407070139.0 | ||
| 010 | _a9785946200868 | ||
| 021 |
_aRU _b2016-66442 _94256 |
||
| 035 | _a(NLR Aleph) 011211664 | ||
| 090 |
_a11976038 _c11976038 |
||
| 100 | _a20160913d2013 u y0rusy50 ca | ||
| 101 | 0 |
_arus _aeng |
|
| 102 | _aRU | ||
| 105 | _aac z 000zy | ||
| 200 | 1 |
_aМалая теория всего, или Искусство знать _eколлекция анимационных фильмов на DVD _fГос. центр современ. искусства (ГЦСИ) _g[ред.: Елена Гаревская] |
|
| 210 |
_aМосква _cГосударственный центр современного искусства _d2013 |
||
| 215 |
_a[48] с. _cил., цв. ил., портр. _d21 _e1 электрон. опт. диск (DVD-ROM) |
||
| 225 | 1 | _aПрограмма Детские мастерские | |
| 300 | _aЧасть текста на англ. яз. | ||
| 517 | 1 | _aИскусство знать | |
| 606 |
_aМультипликационное кино _xИзучение в учреждениях дополнительного образования детей _92142472 _3RU\NLR\AUTH\661595713 |
||
| 606 |
_aДетское киноискусство _92155814 _3RU\NLR\AUTH\661602540 |
||
| 686 | 1 | _aЩ378 | |
| 686 | 1 | _aЧ421.385.354.16 | |
| 686 | 1 | _aЧ421.355 | |
| 702 | 1 |
_aГаревская _bЕ. _gЕлена _4340 |
|
| 712 | 0 | 2 |
_4570 _aГосударственный центр современного искусства _cМосква _9565749 _3RU\NLR\AUTH\8810033636 |
| 942 | _cBOOK | ||
| 980 | _aNBR | ||